Born In The U.S.A. - Bruce Springsteen - All Lyrics - Statistics

General Stats
  • This quiz has been taken 331 times
  • The average score is 199 of 255
Answer Stats
Answer % Correct
Born
100%
born
100%
​Born
100%
I
100%
​I
100%
in
99%
The
99%
the
99%
a
98%
U.S.A.​
98%
U.S.A.
98%
U.S.A
98%
was
97%
to
96%
Khe
94%
man
92%
down
88%
Down
88%
hometown
88%
go
87%
town
87%
dead
84%
you
82%
first
81%
too
81%
up
81%
up,
81%
when
81%
man's
80%
and
79%
ground
78%
hit
78%
me
78%
me”
78%
So
77%
yellow
76%
He
75%
he
75%
kill
75%
of
73%
it
71%
No,
71%
no
71%
no,
71%
Got
70%
got
70%
Sanh
70%
took
70%
land,
69%
V.A.
69%
your
68%
coverin'
67%
much
67%
my
67%
by
66%
foreign
66%
kick
66%
now
65%
off
65%
just
64%
life
64%
like
64%
“Son,
64%
they
64%
little
63%
beat
62%
been
62%
dog
62%
Sent
62%
spend
62%
Viet
62%
don't
61%
jam
61%
that's
61%
had
60%
hand
59%
said,
59%
all
58%
half
58%
understand”
57%
Cong
56%
home
56%
if
56%
End
55%
her
55%
put
55%
back
54%
brother
54%
gone
54%
he's
53%
rifle
53%
'Til
53%
daddy
52%
refinery
52%
woman
52%
I’m
51%
I'm
51%
picture
51%
there,
50%
him
48%
still
48%
arms,
47%
Saigon
46%
Went
46%
at
45%
see
44%
long
43%
Fightin'
42%
run,
41%
They’re
41%
Come
40%
loved
39%
cool
38%
Nowhere
38%
nowhere
38%
road
35%
rocking
35%
shadow
34%
years
34%
says,
33%
ten
32%
them
31%
penitentiary
30%
Out
29%
gas
27%
ain't
25%
fires
24%
burnin'
23%
Hirin'
23%
No matching quizzes found
Score Distribution
Percent of People with Each Score
Percentile by Number Answered
Your Score History
You have not taken this quiz